[Event "Poznan op 28th"]
[Site "Poznan"]
[Date "2021.08.18"]
[Round "5"]
[White "Grzelak, Marcin"]
[Black "Kaczmarek, Jan"]
[Result "0-1"]
[WhiteElo "1978"]
[BlackElo "1337"]
[PlyCount "58"]
[EventDate "2021.08.15"]
[EventType "swiss"]
[EventRounds "9"]
[EventCountry "POL"]
[SourceTitle "CBM 203 Extra"]
[Source "ChessBase"]
[SourceDate "2021.09.30"]
[SourceVersion "1"]
[SourceVersionDate "2021.09.30"]
[SourceQuality "1"]

1. e4 c5 2. d4 cxd4 3. c3 dxc3 4. Nxc3 e6 5. Nf3 Nc6 6. Bc4 Nge7 7. Bg5 h6 8. Nb5 d5 9. exd5 hxg5 10. dxe6 Bxe6 11. Nd6+ Qxd6 12. Qxd6 Rd8 13. Qc5 Nf5 14. Qb5 Bb4+ 15. Kf1 Nd6 16. Qxg5 Bxc4+ 17. Kg1 0-0 18. Nd2 f6 19. Qf4 g5 20. Qe3 Rfe8 21. Nxc4 Rxe3 22. Nxe3 Ne4 23. h4 Rd2 24. Nd1 g4 25. Rh2 g3 26. Rh3 gxf2+ 27. Kf1 Nd4 28. g4 Re2 29. Ne3 Re1+ 0-1

[Event "Poznan op 28th"]
[Site "Poznan"]
[Date "2021.08.16"]
[Round "3"]
[White "Grzelak, Marcin"]
[Black "Szafranski, Maciej"]
[Result "1-0"]
[WhiteElo "1978"]
[BlackElo "1526"]
[PlyCount "63"]
[EventDate "2021.08.15"]
[EventType "swiss"]
[EventRounds "9"]
[EventCountry "POL"]
[SourceTitle "CBM 203 Extra"]
[Source "ChessBase"]
[SourceDate "2021.09.30"]
[SourceVersion "1"]
[SourceVersionDate "2021.09.30"]
[SourceQuality "1"]

1. e4 c5 2. d4 cxd4 3. c3 dxc3 4. Nxc3 e6 5. Nf3 Nc6 6. Bc4 a6 7. 0-0 b5 8. Bb3 Bb7 9. Bf4 Nf6 10. Nd5 Nxd5 11. exd5 Ne7 12. Re1 Ng6 13. Bg3 Be7 14. Rc1 Rc8 15. d6 Bf6 16. Rc7 Bc6 17. Nd4 0-0 18. Nxc6 dxc6 19. Qc2 Rxc7 20. dxc7 Qc8 21. Qxc6 Re8 22. Rd1 Nf8 23. Bd6 Bxb2 24. a4 Nd7 25. axb5 axb5 26. Qxb5 Nf6 27. Ba4 Qa8 28. Qxe8+ Nxe8 29. Bxe8 Qc8 30. Bc6 Ba3 31. Be5 Be7 32. Bd7 1-0

[Event "Poznan op 28th"]
[Site "Poznan"]
[Date "2021.08.15"]
[Round "2"]
[White "Dopierala, Adam"]
[Black "Grzelak, Marcin"]
[Result "0-1"]
[WhiteElo "1582"]
[BlackElo "1978"]
[PlyCount "62"]
[EventDate "2021.08.15"]
[EventType "swiss"]
[EventRounds "9"]
[EventCountry "POL"]
[SourceTitle "CBM 203 Extra"]
[Source "ChessBase"]
[SourceDate "2021.09.30"]
[SourceVersion "1"]
[SourceVersionDate "2021.09.30"]
[SourceQuality "1"]

1. d4 Nf6 2. Bf4 g6 3. Nc3 Bg7 4. e4 0-0 5. Qd2 d6 6. 0-0-0 a6 7. f3 b5 8. Bh6 Nbd7 9. h4 e5 10. g4 exd4 11. Nce2 c5 12. h5 Ne5 13. Bxg7 Kxg7 14. hxg6 fxg6 15. Qh6+ Kg8 16. Nf4 Ra7 17. Be2 Bxg4 18. Nxg6 hxg6 19. Qh8+ Kf7 20. Rh7+ Ke6 21. Qxf8 Qxf8 22. Rxa7 Bh5 23. Rf1 Qh6+ 24. f4 Nxe4 25. Bxh5 Ng3 26. Bg4+ Nxg4 27. Re1+ Ne3 28. c3 Qh2 29. Kb1 Qc2+ 30. Ka1 dxc3 31. Rb1 Nc4 0-1

[Event "Poznan op 28th"]
[Site "Poznan"]
[Date "2021.08.15"]
[Round "1"]
[White "Grzelak, Marcin"]
[Black "Rosenfeld, Noe"]
[Result "1-0"]
[WhiteElo "1978"]
[BlackElo "1305"]
[PlyCount "46"]
[EventDate "2021.08.15"]
[EventType "swiss"]
[EventRounds "9"]
[EventCountry "POL"]
[SourceTitle "CBM 203 Extra"]
[Source "ChessBase"]
[SourceDate "2021.09.30"]
[SourceVersion "1"]
[SourceVersionDate "2021.09.30"]
[SourceQuality "1"]

1. e4 c5 2. d4 cxd4 3. c3 d3 4. Bxd3 Nc6 5. c4 d6 6. h3 g6 7. Nf3 Bg7 8. 0-0 Nf6 9. Nc3 0-0 10. Be3 Bd7 11. Rc1 Rc8 12. Qe2 a6 13. Nd2 Nh5 14. g4 e5 15. gxh5 Bxh3 16. f3 Bxf1 17. Rxf1 gxh5 18. Qh2 h4 19. Nd5 Kh8 20. Kf2 Nd4 21. Rg1 Qa5 22. Qxh4 Qd8 23. Qh5 f5 1-0